| 000 | 00458nam a22001577a 4500 | ||
|---|---|---|---|
| 003 | BD-DhUL | ||
| 005 | 20161123134846.0 | ||
| 008 | 161123s1941 ii ||||| |||| 00| 0 eng | ||
| 040 |
_aBD-DhUL _cBD-DhUL |
||
| 082 |
_a294.03 _bDHA |
||
| 245 | 0 | 0 |
_aDharmakosa : _bVyavaharakanda; Vol.1, part:1 / _cLaxmanshastri Joshi |
| 260 |
_aIndia : _bPrajuapathashala Mandal ( satara) : _c1941 |
||
| 300 | _a1 v. | ||
| 700 | 1 |
_aJoshi, Laxmanshastri _eed. |
|
| 942 |
_2ddc _cBK |
||
| 999 |
_c128211 _d128211 |
||